000 00635cam a2200229u 4500
001 13309
003 BD-RjUL
005 20211208235432.0
008 140130s1950 nyua 000 0 eng
035 _a(BD-RjUL)13360
040 _aDLC
_cCarP
_dBD-RjUL
_beng
041 _aeng
082 _a615.21
_bTHE 1950
100 1 _aKyser, Franklin Arthur,
_d1913- [from old catalog]
_941444
245 0 0 _aTherapeutics in internal medicine /
260 _aNew York,
_bT. Nelson
_c1950.
300 _axviii, 715 p. :
_billus. ;
_c26 cm.
650 0 _aTherapeutics.
_941445
942 _2ddc
_cBK
999 _c13309
_d13309